| 000 | 00542pam a2200157a 44500 | ||
|---|---|---|---|
| 008 | 230515b2018 xxu||||| |||| 00| 0 eng d | ||
| 020 | _aNULL | ||
| 041 | _aENGLISH | ||
| 082 | _a610.0 | ||
| 100 | _aMS.KUMAM SHUMAN DEVI | ||
| 245 | _aAN EXPERIMENTAL STUDY TO ASSESS THE EFFECTIVENESS OF STEAMINHALATION WITH TULSILEAVIES AMONG CHILDERN WITH UPPER RESPIRATORY TRACT INFECTION IN SELECTED COMMUNITY AREAS OF PUNE CITY | ||
| 250 | _a1 | ||
| 260 |
_aPUNE _bBHARATI VIDYAPEETH DEEMED UNIVERSITY, PUNE, _c2018 |
||
| 300 | _a66 | ||
| 650 | _aNULL | ||
| 999 |
_c532116 _d532116 |
||